| 000 | 00352nam a2200133Ia 4500 | ||
|---|---|---|---|
| 008 | 240624s9999 xx 000 0 und d | ||
| 041 | _aeng | ||
| 082 | _a658.155 GLA | ||
| 100 | _aGLASSERMAN PAUL | ||
| 245 | _aMONTE CARLO METHODS IN FINANCIAL ENGINEE | ||
| 260 |
_c2004 _aLondon _bSpringer |
||
| 300 | _axiii, : 596 : p. : cm. ; 24 | ||
| 365 |
_cERU _b26 |
||
| 999 |
_c20798 _d20798 |
||